The response of Hevea to fertilisers on a sandy latosol (Record no. 70963)

MARC details
000 -LEADER
fixed length control field 00374nam a2200133Ia 4500
100 ## - MAIN ENTRY--AUTHOR NAME
Personal name Bolton J
245 #4 - TITLE STATEMENT
Title The response of Hevea to fertilisers on a sandy latosol
260 ## - PUBLICATION, DISTRIBUTION, ETC. (IMPRINT)
Name of publisher Journal of the Rubber Research Institute of Malaya
Year of publication 1959-60
300 ## - PHYSICAL DESCRIPTION
Number of Pages 178-190
650 ## - SUBJECT ADDED ENTRY--TOPICAL TERM
Topical Term Fertilisers
650 ## - SUBJECT ADDED ENTRY--TOPICAL TERM
Topical Term Hevea
942 ## - ADDED ENTRY ELEMENTS (KOHA)
Koha item type Journals
Holdings
Withdrawn status Lost status Damaged status Not for loan Home library Current library Shelving location Date acquired Serial Enumeration / chronology Koha item type
      Journals RRII Library RRII Library Soils and agonomy 17/12/2021 Volume 16, Issue 4 Journals